Catalog

Record Details

Catalog Search



Bold words from Black women : inspiration and ... Read More

Pizzoli, Tamara,(compiler.). Ahanonu, Monica,(illustrator.).

Available copies

  • 2 of 2 copies available at LARL/NWRL Consortium.
  • 2 of 2 copies available at Lake Agassiz Regional Library. (Show preferred library)

Current holds

0 current holds with 2 total copies.

Show Only Available Copies
Location Call Number / Copy Notes Barcode Shelving Location Status Due Date
Bagley Public Library J 081.082 BOL (Text) 33500013560511 Main Available -
Detroit Lakes Public Library J 081.082 BOL (Text) 33500013560503 Main Available -

Record details

  • ISBN: 9781534463943
  • ISBN: 1534463941
  • Physical Description: vii, 101 pages : color illustrations ; 29 cm
  • Edition: First edition.
  • Publisher: New York : Simon & Schuster Books for Young Readers, [2021]

Content descriptions

General Note:
"A Denene Millner book."
Bibliography, etc. Note:
Includes bibliographical references.
Formatted Contents Note:
Introduction -- Solange Knowles -- Beyoncé ... Read More
Summary, etc.:
"This beautifully illustrated book is a collection ... Read More
Target Audience Note:
Ages 4-8 Simon & Schuster Books for Young Readers.
Grades K-1 Simon & Schuster Books for Young ... Read More
Subject: African American women > Quotations > Juvenile literature.
Women, Black > Quotations > Juvenile literature.
Women > Quotations > Juvenile literature.
African American women > Quotations.
Women > Quotations.
JUVENILE NONFICTION / Girls & Women.
JUVENILE NONFICTION / People & Places / United States / African American & Black.
JUVENILE NONFICTION / Social Topics / Values & Virtues.
African American women.
Women.
Genre: Juvenile works.
Quotations.
Illustrated works.
Quotations.
LDR 03941cam a22006498i 4500
001385471
003LARL_NWRL_CONSORTIUM
00520220314155813.0
008200110t20212021nyua j b 000 0 eng
010 . ‡a 2019052794
040 . ‡aDLC ‡beng ‡erda ‡cDLC ‡dOCLCO ‡dOCLCF ‡dYDX ‡dBDX ‡dTI2 ‡dILC ‡dOCLCO ‡dTCH ‡dTOH ‡dLMJ ‡dOCO
019 . ‡a1162990286
020 . ‡a9781534463943 ‡q(hardcover)
020 . ‡a1534463941 ‡q(hardcover)
020 . ‡z9781534463950 ‡q(ebook)
035 . ‡a(OCoLC)1135907813 ‡z(OCoLC)1162990286
042 . ‡apcc ‡alcac
043 . ‡an-us---
08200. ‡a081.082 ‡223
24500. ‡aBold words from Black women : ‡binspiration and truths from 50 extraordinary leaders who helped shape our world / ‡ccurated by Tamara Pizzoli ; illustrated by Monica Ahanonu.
24630. ‡aInspiration and truths from 50 extraordinary Black women who helped shape our world
250 . ‡aFirst edition.
264 1. ‡aNew York : ‡bSimon & Schuster Books for Young Readers, ‡c[2021]
264 4. ‡c©2021
300 . ‡avii, 101 pages : ‡bcolor illustrations ; ‡c29 cm
336 . ‡atext ‡btxt ‡2rdacontent
336 . ‡astill image ‡bsti ‡2rdacontent
337 . ‡aunmediated ‡bn ‡2rdamedia
338 . ‡avolume ‡bnc ‡2rdacarrier
500 . ‡a"A Denene Millner book."
5050 . ‡aIntroduction -- Solange Knowles -- Beyoncé Knowles-Carter -- Missy Elliott -- Serena Williams -- Janelle Monáe -- Katherine Johnson -- Michelle Obama -- Angela Davis -- Yara Shahidi -- Lupita Nyong'o -- Robin Roberts -- Lizzo -- Stacey Abrams -- Debbie Allen -- Oprah Winfrey -- Meghan Markle -- Susan L. Taylor -- Ruth E. Carter -- Erykah Badu -- Diahann Carroll -- Zora Neale Hurston -- Audre Lorde -- Lena Horne -- Josephine Baker -- Taraji P. Henson -- Chaka Khan -- Diana Ross -- Maya Angelou -- Sonia Sanchez -- Dee Dee Bridgewater -- Alice Walker -- Eartha Kitt -- Amandla Stenberg -- Toni Morrison -- Jada Pinkett Smith -- Whoopi Goldberg -- Jenifer Lewis -- Issa Rae -- Queen Latifah -- Maxine Waters -- Kerry Washington -- Shonda Rhimes -- Dr. Mae Jemison -- Naomi Campbell -- Mahalia Jackson -- Ava DuVernay -- Misty Copeland -- Raynell "Supa Cent" Steward -- Viola Davis -- Kamala Harris.
520 . ‡a"This beautifully illustrated book is a collection of quotes from 50 inspirational Black women who have shaped the world we live in, from Toni Morrison to Angela Davis, from Solange and Beyonce Knowles to Meghan, the Duchess of Sussex"-- ‡cProvided by publisher.
504 . ‡aIncludes bibliographical references.
521 . ‡aAges 4-8 ‡bSimon & Schuster Books for Young Readers.
521 . ‡aGrades K-1 ‡bSimon & Schuster Books for Young Readers.
650 0. ‡aAfrican American women ‡vQuotations ‡vJuvenile literature.
650 0. ‡aWomen, Black ‡vQuotations ‡vJuvenile literature.
650 0. ‡aWomen ‡vQuotations ‡vJuvenile literature.
650 1. ‡aAfrican American women ‡vQuotations.
650 1. ‡aWomen ‡vQuotations.
650 7. ‡aJUVENILE NONFICTION / Girls & Women. ‡2bisacsh
650 7. ‡aJUVENILE NONFICTION / People & Places / United States / African American & Black. ‡2bisacsh
650 7. ‡aJUVENILE NONFICTION / Social Topics / Values & Virtues. ‡2bisacsh
650 7. ‡aAfrican American women. ‡2fast ‡0(LARL_NWRL_CONSORTIUM)13020
650 7. ‡aWomen. ‡2fast ‡0(LARL_NWRL_CONSORTIUM)34553
655 7. ‡aJuvenile works. ‡2fast
655 7. ‡aQuotations. ‡2fast
655 7. ‡aIllustrated works. ‡2lcgft
655 7. ‡aQuotations. ‡2lcgft
7001 . ‡aPizzoli, Tamara, ‡ecompiler.
7001 . ‡aAhanonu, Monica, ‡eillustrator.
77608. ‡iOnline version: ‡aPizzoli, Tamara, ‡tBold words from black women ‡dNew York : Simon & Schuster Books for Young Readers, 2021. ‡z9781534463950 ‡w(DLC) 2019052795
905 . ‡uvanderl
901 . ‡a385471 ‡b ‡c385471 ‡tbiblio ‡soclc

Additional Resources